000 00665nam a2200193Ii 4500
003 JO-AjNU
008 230605s9999||||xx |||||||||||||| ||und||
040 _aJO-AjNU
_bara
_erda
_cJO-AjNU
041 _aara
050 1 4 _aLB2321.H35 1980
100 3 _aحسان،حسن محمد إبراهيم,
_eauthor
_96989
245 0 0 _aنحو أهداف سلوكية للتعليم الجامعي العربي
264 3 1 _aالقاهرة:دار الثقافة،1980
300 _a140ص
336 _atext
_btxt
_2rdacontent
337 _aunmediated
_bn
_2rdamedia
338 _avolume
_bnc
_2rdacarrier
650 4 _aالتعليم العالي-البلاد العربية
_96990
999 _aA52
_c3620
_d3620